| 000 | 00407nam a2200181Ia 4500 | ||
|---|---|---|---|
| 001 | 7480 | ||
| 005 | 20260306160458.0 | ||
| 008 | 260306t2005||||xx |||||||||||||| ||spa|| | ||
| 041 | _aESP | ||
| 082 |
_a339 _bH18 |
||
| 100 |
_aHall, Robert _eAUT |
||
| 245 | 0 |
_aMacroeconomÃa: _bprincipios y aplicaciones |
|
| 260 | _c2005 | ||
| 300 |
_a _c |
||
| 650 | _aGEN | ||
| 654 | _aCAN | ||
| 942 |
_cLIB _dJUS _fJUS _2ddc _n |
||
| 999 |
_c7480 _d7480 |
||